| 000 | 02512nam a2200433 c 4500 | ||
|---|---|---|---|
| 003 | BLK | ||
| 005 | 20250212124957.0 | ||
| 008 | 180411b bul|||||r ||||||| ||bul|| | ||
| 010 | _aKNG00184219000 | ||
| 020 |
_a954-9882-18-7 _bиздат.: Анхира - (грешен) |
||
| 040 | _aBLK | ||
| 041 |
_aBUL _cBUL |
||
| 072 | 7 |
_2bullib _aН33 _xИкономика Н |
|
| 080 |
_aПазар. Анализ на пазара. Търсене. Предлагане. Конкуренция. Маркетингова логистика _b339.13 _x(02.062) _z339.13(02.062) |
||
| 080 |
_aИкономическа психология. Икономическо поведение. Физиологични и психологични елементи. Интереси. Икономически дух _b330.16 _x(02.062) _z330.16(02.062) |
||
| 100 | 1 |
_aКийосаки, Робърт _eпърви автор _9374208 |
|
| 700 | 1 |
_aЛехтър, Шарън Л. _eсъвм. с _988603 |
|
| 700 | 1 |
_aМатева, Красимира Иванова _d1962 - _994117 |
|
| 139 |
_aКийосаки, Робърт и др. _bК 53 |
||
| 245 | 1 | 0 |
_aБизнес школа за хора, които обичат да помагат на другите _bЦенностите на мрежовия маркетинг (освен правенето на пари) _cРобърт Кийосаки; съвм. с Шарън Л. Лехтър; прев. от англ. Красимира Иванова Матева. |
| 250 | _a2. доп. изд. | ||
| 257 | _aUSA | ||
| 260 |
_аСофия _bАнхира _c2003 _fСофия : Инвестпрес |
||
| 300 |
_a160 с. _c20 см |
||
| 380 | _a3 | ||
| 500 | _a1. изд. 2002. - Ориг. загл. The Business School for People Who Like Helping People / Robert T. Kiyosaki, Sharon L. Lechter. - Съдържа и За авторите и тяхната мисия. - Офс. изд. | ||
| 650 | 4 |
_aМаркетинг - популярна литература _9340254 |
|
| 650 | 4 |
_aИкономическо поведение - популярна литература _9263288 |
|
| 653 | _aбизнес | ||
| 653 | _aмрежов маркетинг | ||
| 653 | _aикономическо поведение | ||
| 659 | _aН | ||
| 852 | _aЦб 277736 | ||
| 856 | 4 |
_qpdf _u |
|
| 856 | 4 |
_qpdf _u |
|
| 942 |
_cKNG _n0 _012 |
||
| 944 |
_aCR _c28.10.2015 _lЦветелина Шанова _k30531 |
||
| 944 |
_aED _c17.01.2018 _lф / _kЛюдмила_Стоянова |
||
| 999 |
_c175625 _d175625 |
||